01725nam a2200229Ia 4500008004100000020001800041050002100059100003600080240004900116245019400165250001800359260003300377300001800410490004100428500019700469500002900666505062000695650003201315700004001347700004401387700006401431120625s1990 mx 001 0 spa d a9789682433801 4aBF683 bC66 19901 aCofer, Charles Norvale, autor.10aMotivation; theory and research.lEspañol.10aPsicología de la motivaciónb: teoría e investigaciónc / C.N. Cofer, M.H. Appley ; traducción, Federico Patán López ; revisión técnica, Graciela Rodríguez de Arizmendi. a2a. edición3 aMéxico b: Trillasc, 1990 a907 páginas0 aBiblioteca Técnica de Psicología aTraducción de: Motivation, Theory and research Ejemplar 3 (04 006100) es una reimpresión año 2013. Incluye índice de autores (pp. 813-887) Incluye índice alfabético (pp. 888-907) aReimpresiones 2007, 2013 aConcepto de motivación Perspectiva histórica El concepto de instinto: la posición etológica Condiciones corporales ; actividad y exploración Conceptos homeostático y la motivación Teorías hedonistas y de activación de la emoción Frustración, conflicto y stress La motivación y la teoría del aprendizaje: pulsión e incentivo Aprendizaje, ejecución, reforzamiento y motivación adquirida Teoría psicoanalítica de la motivación Autorrealización y conceptos relacionados Algunos aspectos de la motivación humana Motivación social Hacia una teoría unificada de motivación14aMOTIVACIÓN (PSICOLOGÍA)1 aAppley, Mortimer Herbert.e, autor.1 aPatán López, Federicoe, traductor.1 aRodríguez de Arizmendi, Gracielae, revisión técnica.